[Event "Podolsk"]
[Site "Podolsk"]
[Date "1991.??.??"]
[Round "?"]
[White "Belov, Igor"]
[Black "Savon, Vladimir A"]
[Result "1/2-1/2"]
[WhiteElo "2435"]
[BlackElo "2460"]

1.Nf3 d5 2.d4 Nf6 3.c4 dxc4 4.e3 e6 5.Bxc4 c5 6.O-O a6 7.a4 Qc7 8.Qe2 Nc6
9.Nc3 Bd6 10.Bd2 O-O 11.d5 exd5 12.Nxd5 Nxd5 13.Bxd5 Ne5 14.h3 Bf5 15.Nxe5 Bxe5
16.Bc3 Rad8 17.Rfd1 Bxc3 18.bxc3 Rd6 19.e4 Be6 20.Rab1 Bxd5 21.exd5 Qd7 22.c4 g6
23.a5 Rb8 24.Qe5 Re8 25.Qf4 Kg7 26.Re1 Rxe1+ 27.Rxe1 b5 28.axb6 Rxb6 29.Qe5+ Kg8
30.Qe8+ Qxe8 31.Rxe8+ Kg7 32.Rc8 a5 33.Ra8 Rb4 34.d6 Rb1+ 35.Kh2 Rd1 36.Rxa5 Rxd6
37.Rxc5 Rd3 38.g3 Rc3 39.h4 h5 40.Rc6 Kf8 41.Rc7 Kg7 42.Kg2 Kf6 43.Kf1 Rc2
44.Ke1 Kg7 45.Rc8 Kf6 46.Rc6+ Ke7 47.Rc7+ Kf8 48.c5 Ke8 49.c6 Kd8 50.Rxf7 Rxc6
51.Kd2 Ke8 52.Ra7 Kf8 53.Kd3 Re6 54.Kd4 Re2 55.f4 Re8 56.f5 gxf5 57.Ra5 Re4+
58.Kd3 Rg4 59.Rxf5+ Kg7 60.Rxh5  1/2-1/2

[Event "JUG-Cup final"]
[Site "Pula"]
[Date "1991.??.??"]
[Round "3"]
[White "Hulak, Krunoslav"]
[Black "Nikolic, Nebojsa"]
[Result "1/2-1/2"]
[WhiteElo "2520"]
[BlackElo "2395"]

1.d4 d5 2.c4 dxc4 3.Nf3 Nf6 4.e3 e6 5.Bxc4 c5 6.O-O a6 7.Qe2 b5 8.Bb3 Bb7
9.Rd1 Nbd7 10.Nc3 Qb6 11.d5 Nxd5 12.Bxd5 Bxd5 13.Nxd5 exd5 14.Rxd5 Be7 15.e4 Rd8
16.Be3 Qb7 17.Rad1 O-O 18.e5 Rfe8 19.Ng5 Nf8 20.Qf3 Bxg5 21.Bxg5 Rxd5 22.Qxd5 Qxd5
23.Rxd5 f6 24.Be3 Rxe5 25.Rxe5 fxe5 26.Bxc5 Nd7 27.Ba7 Kf7 28.Kf1 Ke6 29.Ke2 Nf6
30.g3 h5 31.h3 Nd5 32.Bc5 Kf5 33.Kf3 e4+ 34.Ke2 g5 35.Bd4  1/2-1/2

[Event "SLO-ch"]
[Site "SLO"]
[Date "1991.??.??"]
[Round "?"]
[White "Tratar, Marko"]
[Black "Marinsek, Tomaz"]
[Result "1-0"]
[WhiteElo "2340"]
[BlackElo "2220"]

1.d4 d5 2.c4 dxc4 3.Nf3 Nf6 4.e3 c5 5.Bxc4 e6 6.O-O Nc6 7.Nc3 Be7 8.a3 a6
9.Qe2 Qc7 10.dxc5 Bxc5 11.b4 Ba7 12.Bb2 O-O 13.Rac1 e5 14.Nd5 Nxd5 15.Bxd5 Bg4
16.h3 Bxf3 17.Qxf3 Rac8 18.Rc4 Bb8 19.g3 Qd6 20.Rfc1 Qd7 21.Kg2 Rfe8 22.Bxc6 bxc6
23.Rxc6 e4 24.Qg4 f5 25.Qg5 Rxc6 26.Rxc6 Rf8 27.Rxa6 Rf7 28.Rf6 Rxf6 29.Bxf6 Bc7
30.Bd4 Kf8 31.Qh5 f4 32.gxf4 Bxf4 33.exf4 Qxd4 34.Qc5+  1-0

[Event "Belavenets mem op"]
[Site "Smolensk"]
[Date "1991.??.??"]
[Round "?"]
[White "Tunik, Gennady"]
[Black "Balashov, Yuri S"]
[Result "1/2-1/2"]
[WhiteElo "2470"]
[BlackElo "2590"]

1.d4 d5 2.Nf3 Nf6 3.c4 dxc4 4.e3 e6 5.Bxc4 c5 6.O-O a6 7.dxc5 Qxd1 8.Rxd1 Bxc5
9.a3 Nbd7 10.Nbd2 b6 11.b4 Be7 12.Bb2 Bb7 13.Ne5 Nxe5 14.Bxe5 O-O 15.Be2 b5
16.Rac1  1/2-1/2

[Event "Belavenets mem op"]
[Site "Smolensk"]
[Date "1991.??.??"]
[Round "?"]
[White "Shestoperov, Aleksej"]
[Black "Donchenko, Anatoly G"]
[Result "1-0"]
[WhiteElo "2460"]
[BlackElo "2370"]

1.d4 d5 2.Nf3 Nf6 3.c4 dxc4 4.e3 e6 5.Bxc4 c5 6.O-O a6 7.b3 b5 8.Be2 Bb7
9.a4 b4 10.Nbd2 Nbd7 11.Bb2 Be7 12.Nc4 O-O 13.Rc1 a5 14.Nfe5 cxd4 15.Bxd4 Nxe5
16.Bxe5 Nd5 17.Bf3 Bf6 18.Qd4 Bxe5 19.Qxe5 Qf6 20.Qxf6 gxf6 21.Rfd1 Rfd8
22.Nxa5 Rxa5 23.e4 Kf8 24.exd5 Bxd5 25.Rd4 Rb8 26.Bxd5 Rxd5 27.Rxd5 exd5
28.Kf1 Ke7 29.Ke2 Kd6 30.Kd3 Ra8 31.Kd4 Re8 32.Kd3 Ra8 33.f3 Re8 34.a5 Ra8
35.Ra1 Ra6 36.Kd4 Kc6 37.Ra2 Kd6 38.g4 Kc6 39.Rc2+ Kb7 40.Rc5 Re6 41.Rxd5 Re2
42.h4 Rc2 43.Rc5  1-0

[Event "Belavenets mem op"]
[Site "Smolensk"]
[Date "1991.??.??"]
[Round "?"]
[White "Anikaev, Yuri N"]
[Black "Chudinovskih, Alexander"]
[Result "1-0"]
[WhiteElo "2415"]
[BlackElo "2315"]

1.Nf3 Nf6 2.d4 d5 3.c4 dxc4 4.e3 e6 5.Bxc4 c5 6.O-O Nc6 7.Qe2 cxd4 8.Rd1 Be7
9.exd4 O-O 10.Nc3 a6 11.Bg5 h6 12.Bh4 Nh5 13.d5 Bxh4 14.dxc6 Qe7 15.Ne5 Qc5
16.Na4 Qa5 17.Bb3 Bf6 18.Nc4 Qg5 19.Nab6 e5 20.Nxc8 Raxc8 21.cxb7 Rb8 22.Nd6 Nf4
23.Qf3 Be7 24.Nxf7 Rxf7 25.Rac1 Qf5 26.g4  1-0

[Event "Smolensk"]
[Site "Smolensk"]
[Date "1991.??.??"]
[Round "?"]
[White "Shestoperov, Aleksej"]
[Black "Vaulin, Alexander"]
[Result "1/2-1/2"]
[WhiteElo "2450"]
[BlackElo "2510"]

1.d4 d5 2.c4 dxc4 3.Nf3 Nf6 4.e3 e6 5.Bxc4 c5 6.O-O a6 7.dxc5 Bxc5 8.Qxd8+ Kxd8
9.a3 b5 10.Be2 Bb7 11.b4 Bd6 12.Bb2 Nbd7 13.Nbd2 Ke7 14.Rac1 Rac8 15.Rxc8 Rxc8
16.Rc1 Rxc1+ 17.Bxc1  1/2-1/2

[Event "BUL-chT"]
[Site "Sofia"]
[Date "1991.??.??"]
[Round "2"]
[White "Atanasov, Petko"]
[Black "Semkov, Semko"]
[Result "1/2-1/2"]
[WhiteElo "2370"]
[BlackElo "2460"]

1.d4 Nf6 2.c4 e6 3.Nf3 d5 4.e3 dxc4 5.Bxc4 c5 6.O-O a6 7.dxc5 Qxd1 8.Rxd1 Bxc5
9.a3 Ke7 10.b4 Bd6 11.Bb2 b5 12.Be2 Bb7 13.Ne5 Rd8 14.Nd2 Nbd7 15.Ndf3 Nxe5
16.Nxe5 Rac8 17.Bf3 Bxf3 18.gxf3 Rc2 19.Bd4 Nd5 20.Rdc1 Rdc8 21.Rxc2 Rxc2
22.f4 f6 23.Nd3 Rd2 24.Nc5 Nxf4 25.Ne4 Ne2+ 26.Kf1 Rc2 27.Bc5 Bxc5 28.Nxc5 Nc3
29.Kg2 f5 30.Nxa6 Ne4 31.Rf1 Rc6 32.Nc5 Nxc5 33.bxc5 Rxc5 34.Rb1 g5 35.Rb4 h5
36.a4 bxa4 37.Rxa4 Rc2 38.Ra8 h4 39.h3 Rd2 40.Rh8 Rd8 41.Rh7+ Kf6 42.Rh6+ Kf7
43.Kf1 e5 44.Kg2 e4 45.Ra6 Re8 46.Rb6 Re6 47.Rb5 Kf6 48.Ra5 Kg6 49.Ra8 f4
50.exf4 gxf4 51.Ra5 Re7 52.Kf1 f3 53.Ke1 Rd7 54.Rb5 Rd4 55.Ra5 Kf6 56.Rh5 Ke6
57.Rxh4 Kd5 58.Rh8 Kc4 59.Ra8 Kd3 60.Ra2 Kc3 61.Ra3+ Kb2 62.Ra8  1/2-1/2

[Event "SWZ-GP"]
[Site "Suhr"]
[Date "1991.??.??"]
[Round "1"]
[White "Klinger, Josef"]
[Black "Gheorghiu, Florin"]
[Result "1/2-1/2"]
[WhiteElo "2470"]
[BlackElo "2495"]

1.d4 d5 2.Nf3 Nf6 3.c4 dxc4 4.e3 e6 5.Bxc4 c5 6.O-O a6 7.dxc5 Qxd1 8.Rxd1 Bxc5
9.a3 Ke7 10.b4 Bd6 11.Bb2 Nc6 12.Nc3 Rd8 13.Be2 Bd7 14.Rac1 Be8  1/2-1/2

[Event "SWE-ch"]
[Site "SWE"]
[Date "1991.??.??"]
[Round "7"]
[White "Ornstein, Axel"]
[Black "Degerman, Lars"]
[Result "0-1"]
[WhiteElo "2440"]
[BlackElo "2405"]

1.d4 d5 2.c4 dxc4 3.e3 e6 4.Bxc4 Nf6 5.Nf3 c5 6.O-O a6 7.Qe2 Nc6 8.Rd1 b5
9.dxc5 Qc7 10.Bd3 Bxc5 11.a4 b4 12.Nbd2 O-O 13.Nb3 Be7 14.e4 Ne5 15.Nxe5 Qxe5
16.Be3 Bb7 17.Bd4 Qg5 18.f3 Rfc8 19.Qe3 Qh5 20.Rac1 Bc6 21.Bc5 Bd8 22.Bxb4 Bxa4
23.Rxc8 Rxc8 24.Bxa6 Rb8 25.Bc4 Bb6 26.Qxb6 Rxb6 27.Rd8+ Ne8 28.Ba3 Qg5 29.Ra8 Qe3+
30.Kf1 Rxb3  0-1

[Event "SWZ-chT"]
[Site "?"]
[Date "1991.??.??"]
[Round "?"]
[White "Wirthensohn, Heinz"]
[Black "Huebner, Robert"]
[Result "1/2-1/2"]
[WhiteElo "2460"]
[BlackElo "2620"]

1.Nf3 Nf6 2.d4 d5 3.c4 dxc4 4.e3 e6 5.Bxc4 c5 6.O-O a6 7.a4 Nc6 8.Qe2 cxd4
9.Rd1 Be7 10.exd4 O-O 11.Nc3 Nb4 12.Ne5 Bd7 13.Ne4 Bc6 14.Nxf6+ Bxf6 15.Nxc6 Nxc6
16.Qe4 Qb6 17.Be3 Qxb2 18.Rab1 Qa3 19.d5 exd5 20.Bxd5 Rfe8 21.Bxf7+ Kxf7
22.Qc4+ Kg6 23.Qg4+ Kf7 24.Qc4+ Kg6 25.Qg4+  1/2-1/2

[Event "Zalaegerszeg"]
[Site "Zalaegerszeg"]
[Date "1991.??.??"]
[Round "3"]
[White "Groszpeter, Attila"]
[Black "Vaulin, Alexander"]
[Result "1/2-1/2"]
[WhiteElo "2480"]
[BlackElo "2495"]

1.d4 d5 2.c4 dxc4 3.e3 Nf6 4.Bxc4 e6 5.Nf3 c5 6.O-O a6 7.a4 Nc6 8.Qe2 Qc7
9.Nc3 Be7 10.b3 O-O 11.Bb2 cxd4 12.exd4 Na5 13.Rac1 Nxc4 14.bxc4 Bd7 15.Ne5  1/2-1/2

[Event "Zalakaros op"]
[Site "Zalakaros"]
[Date "1991.??.??"]
[Round "2"]
[White "Portisch, Gabor"]
[Black "Sinkovics, Peter"]
[Result "0-1"]
[WhiteElo "2275"]
[BlackElo "2370"]

1.d4 d5 2.c4 e6 3.e3 Nf6 4.Nf3 c5 5.Be2 dxc4 6.Bxc4 a6 7.a4 Nc6 8.O-O cxd4
9.exd4 Be7 10.Nc3 O-O 11.Bg5 Qd6 12.Qd2 Rd8 13.Rad1 Qb4 14.Bd3 Bd7 15.Qf4 Be8
16.Ne4 Nd5 17.Qg3 Bxg5 18.Nexg5 Nf6 19.Qh4 h6 20.Ne4 Nh7 21.Ng3 Qe7 22.Qxe7 Nxe7
23.b3 Nf6 24.Ne4 Nxe4 25.Bxe4 Bc6 26.Bxc6 Nxc6 27.Rd2 Rd5 28.Rfd1 Rad8 29.Kf1 Na5
30.Rd3 R8d6 31.Ke2 Rb6 32.Nd2 Rb4 33.Ke3 b5 34.Ra1 g5 35.g3 Nc6 36.axb5 axb5
37.Nf3 g4 38.Rc1 Rd6 39.Rdc3 Ne7 40.Ne5 Nd5+  0-1

[Event "Zug"]
[Site "Zug"]
[Date "1991.??.??"]
[Round "9"]
[White "Bachmayr, Peter"]
[Black "Giertz, Niklaus"]
[Result "0-1"]
[WhiteElo "2345"]
[BlackElo "2225"]

1.d4 Nf6 2.Nf3 d5 3.c4 e6 4.e3 dxc4 5.Bxc4 c5 6.O-O a6 7.a4 Nc6 8.Qe2 cxd4
9.Rd1 Be7 10.exd4 O-O 11.Nc3 Nb4 12.Ne5 b6 13.Bg5 Bb7 14.Bxf6 gxf6 15.Nxf7 Kxf7
16.Qxe6+ Kg7 17.Re1 Bd6 18.Qf5 Qc7 19.Bb3 Rae8 20.Qh5 Re7 21.Re3 Rxe3 22.fxe3 f5
23.e4 fxe4 24.Qg4+ Kh8 25.Nxe4 Bxh2+ 26.Kh1 Qf4  0-1

[Event "Simferopol/Alushta"]
[Site "Alushta"]
[Date "1992.??.??"]
[Round "?"]
[White "Savon, Vladimir A"]
[Black "Fominyh, Alexander"]
[Result "0-1"]
[WhiteElo "2420"]
[BlackElo "2530"]

1.d4 d5 2.c4 dxc4 3.Nf3 Nf6 4.e3 e6 5.Bxc4 c5 6.O-O a6 7.Nc3 b5 8.Bb3 Bb7
9.Qe2 Nbd7 10.Rd1 Qb6 11.d5 exd5 12.Nxd5 Nxd5 13.Bxd5 Bxd5 14.Rxd5 Be7 15.e4 Rd8
16.b3 O-O 17.Bb2 Nf6 18.Re5 Rfe8 19.Nh4 Bf8 20.Nf5 Rxe5 21.Bxe5 g6 22.Ng3 Qc6
23.h4 Re8 24.f4 h5 25.Rd1 Ng4 26.Bc3 c4 27.bxc4 Bc5+ 28.Bd4 Rd8 29.Qb2 Qf6
30.Ne2 Qxh4 31.Qc3 Qf2+  0-1

[Event "Simferopol/Alushta"]
[Site "Alushta"]
[Date "1992.??.??"]
[Round "?"]
[White "Lerner, Konstantin Z"]
[Black "Fominyh, Alexander"]
[Result "1/2-1/2"]
[WhiteElo "2530"]
[BlackElo "2530"]

1.d4 d5 2.c4 dxc4 3.Nf3 Nf6 4.e3 e6 5.Bxc4 c5 6.O-O a6 7.Bd3 Nc6 8.Nc3 Be7
9.a3 cxd4 10.exd4 b5 11.Bc2 Bb7 12.Re1 O-O 13.Qd3 g6 14.Bh6 Re8 15.Rad1 Rc8
16.Bb1 b4  1/2-1/2

[Event "AUT-chT"]
[Site "AUT"]
[Date "1992.??.??"]
[Round "?"]
[White "Winiwarter, Felix"]
[Black "Zoebisch, Herbert"]
[Result "0-1"]
[WhiteElo "2285"]
[BlackElo "2215"]

1.d4 d5 2.c4 dxc4 3.Nf3 Nf6 4.e3 e6 5.Bxc4 c5 6.O-O a6 7.a4 Nc6 8.Nc3 Be7
9.Qe2 cxd4 10.Rd1 e5 11.exd4 exd4 12.h3 O-O 13.Be3 Bc5 14.b4 Bxb4 15.Nxd4 Qe7
16.Qb2 Bxc3 17.Qxc3 Ne5 18.Nb3 Ne4 19.Qd4 Bf5 20.Bd5 Rfd8 21.Rac1 Nf6 22.Bg5 Rxd5
23.Bxf6 Rxd4 24.Bxe7 Rxd1+ 25.Rxd1 Bc2 26.Rd5 Nc6 27.Nd4 Nxe7 28.Rd7 Bxa4
29.Rxe7 Rb8 30.f4 Kf8 31.Rc7 Be8 32.f5 a5 33.Kf2 a4 34.Nc2 b5 35.Nb4 Ra8
36.Ke3 a3 37.Rc1 Ra4  0-1

[Event "Balatonbereny op"]
[Site "Balatonbereny"]
[Date "1992.??.??"]
[Round "7"]
[White "Vragoteris, Antonios"]
[Black "Lehmann, Zoltan"]
[Result "1/2-1/2"]
[WhiteElo "2340"]
[BlackElo "2230"]

1.d4 d5 2.c4 dxc4 3.Nf3 Nf6 4.e3 e6 5.Bxc4 c5 6.O-O a6 7.a4 Nc6 8.Qe2 Be7
9.Rd1 Qc7 10.Nc3 O-O 11.dxc5 Bxc5 12.h3 h6 13.Bd2 b6 14.Bd3 Bb7 15.Ne4 Nxe4
16.Bxe4 Nb4 17.Bxb7 Qxb7 18.Bc3 Rfd8 19.e4 Rac8 20.Ne5 a5 21.Qg4 Bf8 22.Rxd8 Rxd8
23.Rd1 Rxd1+ 24.Qxd1 Qxe4 25.Qd7 Qb1+ 26.Kh2 Qf5 27.Qd8 Qf4+ 28.Kg1  1/2-1/2

[Event "Balatonbereny op"]
[Site "Balatonbereny"]
[Date "1992.??.??"]
[Round "8"]
[White "Burmakin, Vladimir"]
[Black "Varga, Zoltan"]
[Result "1/2-1/2"]
[WhiteElo "2375"]
[BlackElo "2400"]

1.d4 d5 2.Nf3 Nf6 3.c4 dxc4 4.e3 e6 5.Bxc4 c5 6.O-O a6 7.Qe2 b5 8.Bb3 Bb7
9.Rd1 Nbd7 10.Nc3 Qb6 11.e4 cxd4 12.Nxd4 Bc5 13.Be3 Ne5 14.a4 Neg4 15.axb5 Qc7
16.g3 Nxe3 17.fxe3 axb5 18.Qxb5+ Ke7 19.Rac1 Ra5 20.Qe2 Qe5 21.Nf3 Qh5 22.Na4 Nxe4
23.Nxc5 Rxc5 24.Nd4 Qxe2 25.Nxe2 Rhc8 26.Ba4 Ba6 27.Rd7+ Kf6 28.Re1 Rb8 29.Ra7 Bxe2
30.Rxe2 Rc1+ 31.Kg2 Ra1 32.b3 Rxb3 33.Rxf7+ Kxf7 34.Bxb3 Kf6 35.Bc2 Ra2  1/2-1/2

[Event "Beersheba-B"]
[Site "Beersheba"]
[Date "1992.??.??"]
[Round "4"]
[White "Mikhalevski, Alexander"]
[Black "Gofshtein, Leonid D"]
[Result "1/2-1/2"]
[WhiteElo "2400"]
[BlackElo "2485"]

1.d4 d5 2.c4 dxc4 3.Nf3 Nf6 4.e3 e6 5.Bxc4 c5 6.Qe2 cxd4 7.exd4 Bb4+ 8.Nc3 O-O
9.O-O b6 10.Bg5 Bb7 11.Rfd1 Bxc3 12.bxc3 Nbd7 13.Bd3 Qc7 14.c4 Rfe8 15.Ne5 Nxe5
16.dxe5 Qc6 17.f3 Nd7 18.Bxh7+ Kxh7 19.Qd3+ Kg8 20.Qxd7 Qc5+ 21.Qd4 Rac8
22.Rac1 Ba6 23.Be3 Qa3 24.Bg5 Qxa2 25.Ra1 Qxc4 26.Qxc4 Bxc4 27.Rxa7 Bd5 28.Rb1 Rb8
29.Be7 b5 30.Bd6 Rb6 31.Bc5 Rc6 32.Rxb5 Rec8 33.Be3 Rc2 34.h4 Re2 35.Bc5 Rxe5
36.Bd6 Rc1+ 37.Kh2 Re2 38.Rb8+ Kh7 39.Rxf7 Rcc2 40.Kh3 Rxg2 41.Rc8 Rce2 42.Bg3 e5
43.Re7 Rg1 44.Rcc7 Reg2  1/2-1/2

[Event "St Stefan/Belgrade m"]
[Site "Belgrade"]
[Date "1992.??.??"]
[Round "14"]
[White "Spassky, Boris V"]
[Black "Fischer, Robert James"]
[Result "1/2-1/2"]
[WhiteElo "2560"]
[BlackElo "2785"]

1.d4 d5 2.c4 dxc4 3.Nf3 Nf6 4.e3 e6 5.Bxc4 c5 6.O-O a6 7.dxc5 Qxd1 8.Rxd1 Bxc5
9.b3 b5 10.Be2 Bb7 11.Bb2 Nbd7 12.Nbd2 O-O 13.Rac1 Rfc8 14.h3 Kf8 15.Kf1 Ke7
16.Ne1 Bd6 17.a4 Bc6 18.axb5 axb5 19.Rc2 Rc7 20.Rdc1 Rac8 21.Bf3 Bxf3 22.Ndxf3 e5
23.Rxc7 Rxc7 24.Rxc7 Bxc7 25.Nc2 Ne4 26.Na3 b4 27.Nc4 f6 28.Ne1 Ndc5 29.Nc2 Nxb3
30.Nxb4 Nbd2+ 31.Nxd2 Nxd2+ 32.Ke2 Nc4  1/2-1/2

[Event "Bogota Lat Cup"]
[Site "Bogota"]
[Date "1992.??.??"]
[Round "8"]
[White "Barrios, Felix"]
[Black "Mendoza, Rafael"]
[Result "1-0"]
[WhiteElo "2220"]
[BlackElo "2340"]

1.d4 Nf6 2.Nf3 d5 3.c4 dxc4 4.e3 e6 5.Bxc4 c5 6.O-O a6 7.Qe2 cxd4 8.Rd1 Be7
9.exd4 O-O 10.Bb3 b5 11.Bg5 Bb7 12.Nc3 Nbd7 13.d5 Nxd5 14.Bxd5 Bxd5 15.Rxd5 exd5
16.Bxe7 Qb8 17.Bxf8  1-0

[Event "Brno"]
[Site "Brno"]
[Date "1992.??.??"]
[Round "8"]
[White "Stangl, Markus"]
[Black "Sakaev, Konstantin"]
[Result "0-1"]
[WhiteElo "2475"]
[BlackElo "2540"]

1.Nf3 d5 2.d4 Nf6 3.c4 c6 4.e3 e6 5.Bd3 dxc4 6.Bxc4 c5 7.Qe2 cxd4 8.Nxd4 e5
9.Nf3 e4 10.Bb5+ Nbd7 11.Nd4 a6 12.Ba4 Bd6 13.Nc3 O-O 14.Bc2 Re8 15.Nf5 Bb8
16.Qd2 Qc7 17.b3 Nf8 18.Nd4 Qe7 19.Bb2 Bd6 20.h3 Bd7 21.g4 h6 22.Rg1 Ba3
23.Qc1 Bxb2 24.Qxb2 Rac8 25.O-O-O Rc5 26.Kb1 Rec8 27.Nce2 Ng6 28.Ka1 Rg5
29.Ng3 Nh4 30.Bb1 Rgc5 31.Rc1 b6 32.Rc2 a5 33.Rgc1 Qe5 34.Nde2 Qe7 35.Nd4 g6
36.Rc4 Nf3 37.Nxe4 Nxe4 38.Nxf3 Nxf2 39.Qd4 Be6 40.Rxc5 bxc5 41.Qe5 Qc7 42.Qf6 Qd8
43.Qxd8+ Rxd8 44.Rxc5 Nxh3 45.g5 Rd5 46.Rxd5 Bxd5 47.e4 Bb7 48.gxh6 Kh7 49.Kb2 Kxh6
50.Kc3 g5 51.Ne5 Kh5 52.Nxf7 g4 53.Ne5 g3 54.Nf3 g2 55.Kd4 Kg4 56.Ke3 Kg3
57.Bd3 Bc8  0-1

[Event "Budapest ExpFS"]
[Site "Budapest"]
[Date "1992.??.??"]
[Round "?"]
[White "Csom, Istvan"]
[Black "Lukacs, Peter"]
[Result "1/2-1/2"]
[WhiteElo "2540"]
[BlackElo "2455"]

1.Nf3 d5 2.d4 Nf6 3.c4 dxc4 4.e3 e6 5.Bxc4 c5 6.O-O a6 7.dxc5 Bxc5 8.Qxd8+ Kxd8
9.Nbd2 Nbd7 10.a3 b5 11.Be2 Bb7 12.Nb3 Bd5 13.Nxc5 Nxc5 14.Bd2 Nb3 15.Rad1 Nxd2
16.Rxd2 Ke7 17.Rc1 Rhc8 18.Rdc2 Rxc2 19.Rxc2 Ra7  1/2-1/2

[Event "Donau Cup op"]
[Site "Budapest"]
[Date "1992.??.??"]
[Round "5"]
[White "Petran, Pal"]
[Black "Horvath, Csaba"]
[Result "1/2-1/2"]
[WhiteElo "2470"]
[BlackElo "2485"]

1.d4 d5 2.Nf3 c6 3.e3 Nf6 4.c4 e6 5.Bd3 dxc4 6.Bxc4 c5 7.O-O a6 8.a4 Nc6
9.Qe2 Qc7 10.Rd1 Be7 11.Nc3 O-O 12.h3 Rd8 13.b3 b6 14.Bb2 Bb7 15.Rac1 Na5
16.Ne5 Nc6 17.Nxc6 Qxc6 18.Qf1 cxd4 19.exd4 Qd6 20.Qe2 Nd5 21.Nxd5 Bxd5 22.Rc3 Rac8
23.Rdc1 a5 24.Bxd5 Rxc3 25.Rxc3 Qxd5 26.Rc4 h5 27.Qc2 Bf6 28.Qc3 Qe4 29.Rc8 Rxc8
30.Qxc8+ Kh7 31.Qc3 h4 32.Kf1 g5 33.Qd2 Kg6 34.f3 Qb1+ 35.Ke2 Qg1  1/2-1/2

[Event "Wch U20"]
[Site "Buenos Aires"]
[Date "1992.??.??"]
[Round "?"]
[White "Escobedo Tinajero, Alberto"]
[Black "Spangenberg, Hugo"]
[Result "1-0"]
[WhiteElo "2265"]
[BlackElo "2535"]

1.d4 d5 2.c4 dxc4 3.e3 Nf6 4.Bxc4 e6 5.Nf3 c5 6.O-O a6 7.a4 Nc6 8.Qe2 cxd4
9.Rd1 Be7 10.exd4 O-O 11.Nc3 Nd5 12.Qe4 Ncb4 13.Ne5 b6 14.Qg4 f5 15.Qe2 Bb7
16.Nd3 Qd7 17.Nf4 Rf6 18.Re1 Nxf4 19.Bxf4 Nd5 20.Nxd5 Bxd5 21.Bxa6 Rg6 22.g3 Bf6
23.Be5 Bxe5 24.dxe5 Rg4 25.Bb5 Qe7 26.Rac1 Qb4 27.f3 Rd4 28.Rc3 Rd8 29.Rec1 Bb7
30.Bc4 Bd5 31.Bxd5 R4xd5 32.Rc4 Qa5 33.f4 Rd2 34.Qf3 Rxb2 35.Rc8 Qd2 36.Rxd8+ Qxd8
37.Qc3 Rd2 38.Qc8 Qxc8 39.Rxc8+ Kf7 40.Rc7+ Kg6 41.Rc6 Kh5 42.Rxb6 Kg4 43.Rxe6 Ra2
44.Rd6 Rxa4 45.Rd2 Kf3 46.Rf2+ Ke3 47.Kg2 h6 48.h4 g6 49.Rb2 g5 50.fxg5 hxg5
51.hxg5 Rg4 52.e6 Rxg5 53.Rb5 Kd4 54.Kf3 Rg6 55.Rb6 Rg7 56.Kf4 Kd5 57.Kxf5 Rxg3
58.e7 Rf3+ 59.Kg6  1-0

[Event "Buenos Aires2"]
[Site "Buenos Aires"]
[Date "1992.??.??"]
[Round "1"]
[White "Casafus, Ruben"]
[Black "Slipak, Sergio"]
[Result "1-0"]
[WhiteElo "2400"]
[BlackElo "2430"]

1.Nf3 d5 2.d4 c5 3.e3 Nf6 4.c4 dxc4 5.Bxc4 e6 6.O-O a6 7.a4 Nc6 8.Nc3 Be7
9.Qe2 cxd4 10.Rd1 O-O 11.exd4 Nd5 12.Ne4 b6 13.Ne5 Ncb4 14.Ra3 f5 15.Nc3 Bb7
16.Nxd5 Bxd5 17.Rh3 g6 18.Bxd5 Qxd5 19.Nc4 Bd8 20.b3 Nc6 21.Ba3 Rf7 22.Ne3 Qe4
23.f3 Qf4 24.Nd5 exd5 25.Qe8+ Kg7 26.Rxh7+ Kxh7 27.Qxf7+ Kh8 28.Qe8+ Kh7
29.Qxc6 Qe3+ 30.Kh1 Qxb3 31.Qb7+ Kh6 32.Bf8+ Kg5 33.Rg1  1-0

[Event "Buenos Aires Najdorf qual"]
[Site "Buenos Aires"]
[Date "1992.??.??"]
[Round "3"]
[White "Scarella, Enrique"]
[Black "Spangenberg, Hugo"]
[Result "1/2-1/2"]
[WhiteElo "2255"]
[BlackElo "2305"]

1.d4 d5 2.c4 dxc4 3.e3 Nf6 4.Bxc4 e6 5.Nf3 c5 6.O-O a6 7.Bd3 Nc6 8.Nc3 cxd4
9.exd4 Nb4 10.Bb1 Be7 11.Bg5 O-O 12.a3 Nbd5 13.Qd3 g6 14.Ba2 Bd7 15.Nxd5 Nxd5
16.Bxd5 Bxg5 17.Bxb7 Bb5 18.Qe4 Rb8 19.Rfe1 Bh6 20.a4 Bc4 21.Ne5 Bd5 22.Bxd5 exd5
23.Qf3 Rxb2 24.Nc6 Qd6 25.Ne7+ Kg7 26.Nxd5 Rd8 27.Ne3 Qxd4 28.Rad1 Rd2 29.Rxd2 Qxd2
30.Rd1 Qa5 31.Nd5 Bg5 32.g3 Rd6 33.h4 Bd2 34.Ne3 Qxa4 35.h5 Rd4 36.h6+ Kxh6
37.Rxd2 Rxd2 38.Ng4+ Kg7 39.Qf6+ Kf8 40.Qh8+ Ke7 41.Qe5+ Kf8 42.Qh8+ Ke7
43.Qe5+ Kd8 44.Qg5+ Kc7 45.Qxd2 Qxg4 46.Qc3+ Kd7 47.Qd3+ Ke7 48.Qa3+ Ke8
49.Qxa6 h5 50.Qf6 Qe6 51.Qh8+ Ke7 52.Qd4 Qd6 53.Qh8 Ke6 54.Qe8+ Kf6 55.Qa4 Kg7
56.Qa1+ Qf6 57.Qa4 Qe5 58.Qb4 Qa1+ 59.Kg2 Qa8+ 60.Kg1 Qf3 61.Qd4+ Kh7 62.Qe5 Qg4
63.Qf6 Qe6 64.Qd4 Kh6 65.Qh8+ Kg5 66.Qd4 Qf5 67.Kg2 Kh6 68.Qh8+ Kg5 69.Qd4 Kh6
70.Qh8+  1/2-1/2

[Event "FMDA tt"]
[Site "Buenos Aires"]
[Date "1992.??.??"]
[Round "5"]
[White "Valerga, Diego"]
[Black "Spangenberg, Hugo"]
[Result "0-1"]
[WhiteElo "2325"]
[BlackElo "2305"]

1.d4 d5 2.c4 dxc4 3.e3 Nf6 4.Bxc4 e6 5.Nf3 c5 6.O-O a6 7.a4 Nc6 8.Qe2 cxd4
9.Rd1 Be7 10.exd4 O-O 11.Nc3 Nd5 12.Bd3 Ncb4 13.Be4 b6 14.Ne5 Bb7 15.Bd2 g6
16.Rac1 Rc8 17.g3 Rc7 18.h4 Qc8 19.h5 Nf6 20.hxg6 hxg6 21.Bb1 Kg7 22.f3 Rh8
23.Kg2 Qa8 24.Rh1 Rcc8 25.Ne4 Nc6 26.Be3 Nxe5 27.Rxc8 Qxc8 28.Rxh8 Kxh8 29.dxe5 Nxe4
30.Bxe4 Bxe4 31.fxe4 Qc6 32.Qd3 Qxa4 33.Bxb6 Kg7 34.Bd4 Qd7 35.Kf3 Bb4 36.Qc4 Be1
37.Kg2 Qd8 38.Be3 a5 39.Qc1 Bb4 40.Bg5 Be7 41.Bxe7 Qxe7 42.Qf4 Qd8 43.Kh3 Qd1
44.Kg2 a4 45.Qf2 Kg8 46.Qf6 Qe2+ 47.Kh3 Qxe4 48.Qd8+ Kh7 49.Qb8 Qh1+ 50.Kg4 Qb1
51.Kh3 a3 52.Qa7 Qf1+  0-1

[Event "Buenos Aires Najdorf qual"]
[Site "Buenos Aires"]
[Date "1992.??.??"]
[Round "5"]
[White "Scarella, Enrique"]
[Black "Tempone, Marcelo"]
[Result "0-1"]
[WhiteElo "2255"]
[BlackElo "2455"]

1.d4 d5 2.c4 dxc4 3.e3 Nf6 4.Bxc4 e6 5.Nf3 c5 6.O-O a6 7.Bd3 cxd4 8.exd4 Be7
9.Nc3 Nc6 10.a3 O-O 11.Bg5 Nd5 12.Bxe7 Ncxe7 13.Rc1 b6 14.Ne5 Bb7 15.Qg4 Nf6
16.Qh4 Ng6 17.Nxg6 hxg6 18.Rfe1 Rc8 19.Bb1 Rc4 20.Rcd1 Nd5 21.Qh3 Nf4 22.Qg4 Nxg2
23.Be4 Nxe1 24.Bxb7 Nc2 25.Qe4 Nxa3 26.Bxa6 b5 27.Rd3 Qb6 28.Qh4 Qxa6 29.Ne4 Qc6
30.d5 Rxe4  0-1

[Event "FMDA tt"]
[Site "Buenos Aires"]
[Date "1992.??.??"]
[Round "9"]
[White "Minzer, Claudio Javier"]
[Black "Juarez, Alberto"]
[Result "1/2-1/2"]
[WhiteElo "2290"]
[BlackElo "2265"]

1.d4 d5 2.c4 dxc4 3.Nf3 Nf6 4.e3 e6 5.Bxc4 c5 6.O-O a6 7.a4 Nc6 8.Qe2 cxd4
9.Rd1 Be7 10.exd4 O-O 11.Nc3 Nb4 12.Bb3 b6 13.Ne5 Bb7 14.Qe3 Nbd5 15.Qh3 Rc8
16.Bd2 Qd6 17.Rac1 Rfd8 18.Re1 Rc7 19.Rcd1 Rdc8 20.Re2 Bf8 21.Rde1 g6 22.Qh4 Bg7
23.h3  1/2-1/2

[Event "Calcutta"]
[Site "Calcutta"]
[Date "1992.??.??"]
[Round "2"]
[White "Georgiev, Kiril"]
[Black "Sareen, Vishal"]
[Result "1/2-1/2"]
[WhiteElo "2605"]
[BlackElo "2320"]

1.d4 d5 2.c4 dxc4 3.Nf3 Nf6 4.e3 e6 5.Bxc4 c5 6.O-O a6 7.Qe2 b5 8.Bb3 Bb7
9.Rd1 Qc7 10.a4 c4 11.Bc2 Be7 12.axb5 axb5 13.Rxa8 Bxa8 14.b3 O-O 15.bxc4 bxc4
16.Nc3 Nd5 17.Bb2 Nd7 18.e4 Nxc3 19.Bxc3 Bb7 20.Ra1 Ra8 21.Rxa8+ Bxa8 22.Nd2 Nb6
23.Ba5 Bf6 24.Nf3 g6 25.h3 Kg7 26.Qd2 Qa7 27.Qb4 Nc8 28.Qc3 Nb6 29.g3 Bc6
30.Bxb6 Qxb6 31.Qxc4 Bb5 32.Qc3 Be2 33.Ne5 Bxe5 34.dxe5 Ba6 35.Bd3 Bxd3 36.Qxd3 Qc5
37.Qd6 Qc4 38.f3 Qe2 39.Qa3 Qe1+ 40.Kg2 Qe2+  1/2-1/2

[Event "Calcutta"]
[Site "Calcutta"]
[Date "1992.??.??"]
[Round "2"]
[White "Murugan, Krishnamoorthy"]
[Black "Rifat, B."]
[Result "0-1"]
[WhiteElo "2380"]
[BlackElo "2300"]

1.d4 d5 2.Nf3 Nf6 3.c4 dxc4 4.e3 c5 5.Bxc4 e6 6.O-O a6 7.Qe2 b5 8.Bd3 Bb7
9.a4 c4 10.Bc2 Nbd7 11.e4 Be7 12.Bg5 Qc7 13.Nbd2 h6 14.Bh4 Nh5 15.Bxe7 Kxe7
16.Qe3 Rhc8 17.e5 Nb6 18.Qa3+ Kd7 19.Ne4 Nd5 20.Nc5+ Ke8 21.Nd2 Ndf4 22.Nde4 Ne2+
23.Kh1 Nxd4 24.Nxb7 Nxc2 25.Qf3 Nd4  0-1

[Event "Calcutta"]
[Site "Calcutta"]
[Date "1992.??.??"]
[Round "6"]
[White "Ravi, Lanka"]
[Black "Ravi, Thandalam Shanmugam"]
[Result "1-0"]
[WhiteElo "2370"]
[BlackElo "2310"]

1.d4 d5 2.c4 dxc4 3.e3 c5 4.Bxc4 e6 5.Nf3 Nf6 6.O-O a6 7.Bd3 Nc6 8.Nc3 cxd4
9.exd4 Be7 10.a3 O-O 11.Bc2 b6 12.Qd3 Bb7 13.Re1 g6 14.Bh6 Re8 15.Rad1 Nd5
16.Nxd5 Qxd5 17.Bb3 Qb5 18.Bc4 Qh5 19.Qe3 Na5 20.Be2 Qd5 21.Qf4 Bd6 22.Qf6 Bf8
23.Bxf8 Rxf8 24.h4 Rac8 25.Qf4 b5 26.Bd3 Nc4 27.Be4 Qd7 28.Ne5 Nxe5 29.dxe5 Qe7
30.h5 Rc4 31.f3 Rd8 32.Qf6 Qxf6 33.exf6 Rxd1 34.Rxd1 Bd5 35.Bxd5 exd5 36.Rxd5  1-0